000 00323 a2200133 4500
001 122103
040 _cEscola Canadense de Niteroi
100 _aMaria Eduarda Noronha
245 1 0 _aDatas Comemorativas 2 anos
260 _aSão Paulo
490 0 _aConstruindo e Aprendendo
650 4 _aLíngua Portuguesa
942 _cBK
999 _c122103
_d122103